El poder de la técnica y otros ensayos / (Registro nro. 13641)

Detalles MARC
000 -LIDER
fixed length control field 01465nam a2200325 a 4500
001 - NÚMERO DE CONTROL
Identificador de número de control
003 - IDENTIFICACDOR DE NÚMERO DE CONTROL
control field DO-SdBNP
005 - DATE AND TIME OF LATEST TRANSACTION
control field 20220202113231.0
008 - ELEMENTOS DE LONGITUD FIJA
fixed length control field 180322s2015 dr 000 p spa d
020 ## - ISBN
International Standard Book Number 9789945590340
040 ## - FUENTE DE CATALOGACIÓN
Agencia que crea de manera original el registro BPMSU
Idioma de catalogación spa
Agencia que realiza la transcripción BPMSU
082 ## - NÚMERO DE CLASIFICACIÓN DECIMAL DE DEWEY
Classification number RD864.5
Item number B533e 2015
Edition number 22
100 1# - ASIENTO PRINCIPAL -- NOMBRE PERSONAL
Nombre personal Berroa, Fernándo
245 13 - MENCIÓN DE TITULO
Título El poder de la técnica y otros ensayos /
Mención de responsabilidad Fernando Berroa, Ángel Palacio, Melania Pérez.
260 ## - PUBLICACIÓN, DISTRIBUCIÓN, ETC. (PIE DE IMPRENTA)
Lugar de publicación, distribución, etc Santo Domingo :
Nombre del editor, distribuidor, etc. FUNGLODE,
Fecha de publicación, distribución, etc 2015.
300 ## - DESCRIPCIÓN FÍSICA
Extensión 186 p. ;
Dimensiones 26 cm.
490 0# - MENCIÓN DE SERIES
Mención de serie Premios Funglode/GFDD;
-- Ensayo.
505 0# - NOTA DE CONTENIDO
Información miscelánea Primer lugar :
Título El poder de la técnica. La estructura narrativa de la novela Sólo cenizas hallarás (bolero) /
Mención de responsabilidad Fernando Berroa --
Información miscelánea Segundo lugar :
Título La filosofía, ¿qué es y para qué sirve? /
Mención de responsabilidad Ángel P. Palacio T. --
Información miscelánea Tercer lugar :
Título El discurso, una herramienta de poder /
Mención de responsabilidad Melania Pérez.
586 ## - AWARDS NOTE
Awards note "Premio FUNGLODE de Ensayo Pedro Francisco Bonó 2014."
590 ## - NOTA LOCAL
Texto de la nota local Inventariado, 2021/VM
650 #4 - ENCABEZAMIENTO DE MATERIA--TEMÁTICO
Término temático o nombre geográfico como elemento de entrada Ensayos dominicanos
650 #4 - ENCABEZAMIENTO DE MATERIA--TEMÁTICO
Término temático o nombre geográfico como elemento de entrada Literatura dominicana
650 #4 - ENCABEZAMIENTO DE MATERIA--TEMÁTICO
Término temático o nombre geográfico como elemento de entrada Certámenes literarios
700 1# - ASIENTO SECUNDARIO -- NOMBRE PERSONAL
Nombre personal Palacio T., Ángel P.
Título de una obra La filosofía, ¿qué es y para qué sirve?
700 1# - ASIENTO SECUNDARIO -- NOMBRE PERSONAL
Nombre personal Pérez, Melania
Título de una obra El discurso, una herramienta de poder
710 2# - ASIENTO SECUNDARIO -- NOMBRE CORPORATIVO
Nombre corporativo o de jurisdicción Fundación Global Democracía y Desarrollo (República Dominicana)
711 2# - ASIENTO SECUNDARIO -- NOMBRE DE REUNIÓN
Nombre de reunión o jurisdicción como elemento de entrada Premio FUNGLODE de Ensayo Pedro Francisco Bonó
Fecha de la reunión o acuerdo (2014 :
Lugar de la reunión Santo Domingo)
910 ## - VALIDACIÓN
Validación VMateo V.
942 ## - ADDED ENTRY ELEMENTS (KOHA)
Source of classification or shelving scheme Dewey Decimal Classification
Koha item type Libros
Existencias
Withdrawn status Lost status Source of classification or shelving scheme Damaged status Not for loan Collection code Home library Current library Date acquired Source of acquisition Full call number Barcode Date last seen Price effective from Koha item type Copy number
    Dewey Decimal Classification     Colección Dominicana Biblioteca Pública Metropolitana Salomé Ureña Biblioteca Pública Metropolitana Salomé Ureña 08/09/2021 FUNGLODE BPMSU CD RD864.5 B533e 2015 BPMSU21080035 08/09/2021 08/09/2021 Libros  
    Dewey Decimal Classification     Colección Dominicana Biblioteca Pública Metropolitana Salomé Ureña Biblioteca Pública Metropolitana Salomé Ureña 08/09/2021 FUNGLODE BPMSU CD RD864.5 B533e 2015 BPMSU22020007 02/02/2022 08/09/2021 Libros e.2